El hombre, origen y misterio : itálicos /
Enciclopedia que revisa la historia de las grandes civilizaciones antiguas, con énfasis en la mitología y cosmovisión que han caracterizado a las diversas culturas.
-д хадгалсан:
| Үндсэн зохиолч: | |
|---|---|
| Бусад зохиолчид: | |
| Формат: | Ном |
| Хэл сонгох: | испани |
| Хэвлэсэн: |
México :
UTEHA,
1983, c1983
|
| Нөхцлүүд: | |
| Шошгууд: |
Шошго байхгүй, Энэхүү баримтыг шошголох эхний хүн болох!
|
MARC
| LEADER | 00000nam^a2200000^a^4500 | ||
|---|---|---|---|
| 001 | 000187437 | ||
| 005 | 20250521000000.0 | ||
| 009 | 20260310102301.659 | ||
| 020 | |a 968-438-064-X | ||
| 020 | |a 968-438-058-5 | ||
| 037 | |a Acervo ITESO - Biblioteca | ||
| 041 | |a ESP | ||
| 082 | |a 930. 03 |b HOM V. 6 | ||
| 100 | |a Layna y Ordóñez, Luis Manuel |e (coord.) | ||
| 240 | 1 | 4 | |a [El hombre, origen y misterios] |
| 245 | 1 | 3 | |a El hombre, origen y misterio : |b itálicos / |c Coord. de L.M. Layna y Ordóñez, J. Arostegui. |
| 264 | 4 | |a México : |b UTEHA, |c 1983, c1983 | |
| 300 | |a p. 647-768 | ||
| 336 | |a texto |b txt |2 rdacontenido | ||
| 337 | |a sin mediación |b n |2 rdamedio | ||
| 338 | |a volumen |b nc |2 rdasoporte | ||
| 520 | |a Enciclopedia que revisa la historia de las grandes civilizaciones antiguas, con énfasis en la mitología y cosmovisión que han caracterizado a las diversas culturas. | ||
| 649 | |a XX | ||
| 650 | |a Etruscos - |x Historia | ||
| 650 | |a Mitología Etrusca | ||
| 650 | |a Mitología Latina | ||
| 650 | |a Mitología Clásica | ||
| 650 | |a Cosmovisión - |z Roma - |x Historia Antigua | ||
| 650 | |a Religión - |z Roma - |x Historia Antigua | ||
| 650 | |a Roma - |x Historia | ||
| 650 | |a Europa - |x Historia - |y Hasta 476 | ||
| 650 | |a Arqueología - |z Roma Antigua | ||
| 650 | |a Historia Antigua - |x Enciclopedias y Diccionarios | ||
| 650 | |a Historia Universal - |x Enciclopedias y Diccionarios | ||
| 650 | |a Enciclopedias y Diccionarios | ||
| 700 | |a Arostegui, Javier |e (coordinación) | ||
| 910 | |a Fondo General | ||
| 920 | |a Impresos - Libros | ||
| 930 | |a Obras de Referencia | ||
| 905 | |a 102 | ||
| 901 | |a 0500129816 |b IT2 |c REF |u 20250521 | ||
| 902 | |a https://opac.biblio.iteso.mx/vufind/Record/000187437 | ||